[Event "Florianopolis op 10th"]
[Site "Florianopolis"]
[Date "2024.01.22"]
[Round "4"]
[White "Gazola, Vanessa Ramos"]
[Black "Bieging, Luca Jurgen"]
[Result "1-0"]
[WhiteElo "1921"]
[BlackElo "1436"]
[PlyCount "99"]
[EventDate "2024.01.20"]
[EventType "swiss"]
[EventRounds "10"]
[EventCountry "BRA"]
[SourceTitle "CB05_2024"]
[SourceDate "2024.01.31"]
[SourceVersion "1"]
[SourceVersionDate "2024.01.31"]
[SourceQuality "1"]

1. d4 Nf6 2. c4 g6 3. Nc3 Bg7 4. e4 d6 5. f3 0-0 6. Bg5 c5 7. d5 e6 8. Qd2 exd5 9. Nxd5 Be6 10. Ne2 Bxd5 11. cxd5 Nbd7 12. Nc3 Re8 13. Be2 a6 14. a4 h6 15. Be3 Rb8 16. 0-0 Kh7 17. a5 Bf8 18. Rfc1 b5 19. axb6 Qxb6 20. Nd1 Ra8 21. Ra5 Reb8 22. Rca1 Qb3 23. R1a3 Qb6 24. Rxa6 Rxa6 25. Rxa6 Qb3 26. Ra3 Qb6 27. Qa5 Qxa5 28. Rxa5 Ne5 29. h3 g5 30. Ra4 Nfd7 31. f4 gxf4 32. Bxf4 Bg7 33. Ra6 Rb6 34. Rxb6 Nxb6 35. Kf1 c4 36. Nc3 Kg6 37. g4 Kf6 38. Be3 Nbd7 39. Bd4 Kg6 40. Nb5 Kg5 41. Nxd6 Kf4 42. Nxf7 Nxf7 43. Bxg7 Kxe4 44. Bxc4 Kf3 45. Bb5 Nc5 46. Bf8 Ne4 47. Be8 Ned6 48. Bxf7 Nxf7 49. d6 Ne5 50. Bxh6 1-0

[Event "Florianopolis op 10th"]
[Site "Florianopolis"]
[Date "2024.01.21"]
[Round "2"]
[White "Gazola, Vanessa Ramos"]
[Black "Perez, Maximiliano"]
[Result "0-1"]
[WhiteElo "1921"]
[BlackElo "2383"]
[PlyCount "78"]
[EventDate "2024.01.20"]
[EventType "swiss"]
[EventRounds "10"]
[EventCountry "BRA"]
[SourceTitle "CB05_2024"]
[SourceDate "2024.01.31"]
[SourceVersion "1"]
[SourceVersionDate "2024.01.31"]
[SourceQuality "1"]

1. d4 Nf6 2. c4 e6 3. Nc3 Bb4 4. e3 b6 5. Bd3 Bb7 6. Nge2 Bxg2 7. Rg1 Be4 8. a3 Bxd3 9. Qxd3 Bf8 10. e4 d6 11. Qf3 Nbd7 12. Be3 c5 13. Rd1 cxd4 14. Bxd4 a6 15. e5 dxe5 16. Bxb6 Qc8 17. c5 Rb8 18. Ba5 Qxc5 19. b4 Qc8 20. Rc1 Qb7 21. Qd3 g6 22. Ng3 Be7 23. h4 Rc8 24. Rd1 Qc6 25. Nge4 Qc4 26. Rg3 0-0 27. Nd6 Bxd6 28. Qxc4 Rxc4 29. Rxd6 Rfc8 30. Ne2 R4c6 31. Rgd3 e4 32. Rd1 Ne5 33. Rxc6 Rxc6 34. Rd8+ Kg7 35. Nd4 Rc4 36. Nb3 Nd5 37. Nc5 Nf4 38. Kd1 Nfd3 39. Nxd3 exd3 0-1

[Event "BRA-ch (Women) 62nd"]
[Site "Timbo"]
[Date "2023.10.31"]
[Round "4"]
[White "Gazola, Vanessa Ramos"]
[Black "Nakata, Thifanni Harumi"]
[Result "1/2-1/2"]
[WhiteElo "1942"]
[BlackElo "1765"]
[PlyCount "82"]
[EventDate "2023.10.29"]
[EventType "swiss"]
[EventRounds "9"]
[EventCountry "BRA"]
[SourceTitle "Mega2024 Update 01"]
[Source "Chessbase"]
[SourceDate "2023.11.12"]
[SourceVersion "1"]
[SourceVersionDate "2023.11.12"]
[SourceQuality "1"]

1. d4 Nf6 2. Nc3 d5 3. Bg5 e6 4. e4 dxe4 5. Nxe4 Be7 6. Bxf6 Bxf6 7. Nf3 0-0 8. Qd2 b6 9. Bd3 Nd7 10. 0-0-0 Bb7 11. h4 c5 12. Nfg5 Bxd4 13. Nd6 Nf6 14. Nxb7 Qc7 15. Qe2 Qxb7 16. c3 c4 17. Bxh7+ Nxh7 18. Nxh7 Kxh7 19. Rxd4 Qxg2 20. Rhd1 Qg6 21. Qxc4 Rac8 22. Qe2 Rc7 23. Rg4 Qh6+ 24. Kb1 Rc5 25. Rdg1 g6 26. Rd4 Rfc8 27. Rgd1 Qh5 28. Qd2 Qf5+ 29. Ka1 Rc4 30. Qe2 Rxd4 31. Rxd4 Rc7 32. a3 b5 33. Qe3 a5 34. Qe2 Rc5 35. Qd2 a4 36. Ka2 Rd5 37. Ka1 Rxd4 38. Qxd4 Qc2 39. Qd7 Qf5 40. Qd4 Qf3 41. Qb6 Qd1+ 1/2-1/2

[Event "Titled Tuesday intern op 11th Jul Late"]
[Site "Chess.com INT"]
[Date "2023.07.11"]
[Round "9"]
[White "Gazola, Vanessa Ramos"]
[Black "Ugarte Soto, Cesar"]
[Result "0-1"]
[WhiteElo "1932"]
[BlackElo "2088"]
[PlyCount "100"]
[EventDate "2023.07.11"]
[EventType "swiss (blitz)"]
[EventRounds "11"]
[EventCountry "USA"]
[SourceTitle "EXT 2024"]
[Source "ChessBase"]
[SourceDate "2023.10.10"]
[SourceVersion "1"]
[SourceVersionDate "2023.10.10"]
[SourceQuality "1"]

1. d4 d5 2. c4 e6 3. Nc3 h6 4. cxd5 exd5 5. Bf4 Bd6 6. Bxd6 Qxd6 7. e3 c6 8. Bd3 Nf6 9. Nge2 0-0 10. 0-0 Re8 11. Rb1 Nbd7 12. b4 a6 13. a4 Nf8 14. b5 axb5 15. axb5 Ne6 16. bxc6 bxc6 17. Qc2 Bd7 18. Na4 Ng5 19. Nc5 Bg4 20. Ng3 h5 21. h3 h4 22. Nf5 Bxf5 23. Bxf5 Nfe4 24. Bxe4 dxe4 25. Rfc1 Rac8 26. Rb6 Qg6 27. Kh1 Qf5 28. Kg1 Qg6 29. Kf1 Qf5 30. Nb7 Re6 31. Nc5 Rf6 32. Rb7 Ra8 33. Nd7 Re6 34. Ne5 f6 35. Nxc6 Kh7 36. d5 Ree8 37. Nd4 Qe5 38. Qc7 Rg8 39. Qxe5 fxe5 40. Nf5 Ra2 41. d6 Ne6 42. Nxh4 Rf8 43. f3 exf3 44. gxf3 Ng5 45. f4 exf4 46. exf4 Rxf4+ 47. Kg1 Rxh4 48. d7 Nxh3+ 49. Kf1 Rd4 50. Re1 Rf2# 0-1

[Event "Titled Tuesday intern op 11th Jul Late"]
[Site "Chess.com INT"]
[Date "2023.07.11"]
[Round "1"]
[White "Kanyamarala, Tarun"]
[Black "Gazola, Vanessa Ramos"]
[Result "1-0"]
[WhiteElo "2344"]
[BlackElo "1932"]
[PlyCount "89"]
[EventDate "2023.07.11"]
[EventType "swiss (blitz)"]
[EventRounds "11"]
[EventCountry "USA"]
[SourceTitle "EXT 2024"]
[Source "ChessBase"]
[SourceDate "2023.10.10"]
[SourceVersion "1"]
[SourceVersionDate "2023.10.10"]
[SourceQuality "1"]

1. d4 d5 2. c4 e6 3. Nc3 Be7 4. Nf3 Nf6 5. Bg5 h6 6. Bxf6 Bxf6 7. Qd2 b6 8. e3 Bb7 9. cxd5 exd5 10. Bb5+ c6 11. Bd3 0-0 12. h3 c5 13. 0-0 c4 14. Bc2 a6 15. Rfe1 Nd7 16. e4 dxe4 17. Nxe4 Bxe4 18. Bxe4 Ra7 19. a4 Rc7 20. Rac1 b5 21. axb5 axb5 22. Qb4 Qb8 23. Ra1 Qb6 24. Ra5 Rb8 25. Rd1 Ra7 26. Rxa7 Qxa7 27. Bc6 Nf8 28. d5 Qb6 29. g3 Ng6 30. Kg2 Ne5 31. Nxe5 Bxe5 32. Re1 f6 33. f4 Bd4 34. Re2 Bc5 35. Qe1 b4 36. Qc1 Qa6 37. Qc2 b3 38. Qe4 Rf8 39. d6 Kh8 40. d7 Qb6 41. Bd5 Qd6 42. Qxc4 Ba7 43. Bc6 Qc7 44. Qb5 Qd6 45. Bd5 1-0

[Event "Titled Tuesday intern op 11th Jul Late"]
[Site "Chess.com INT"]
[Date "2023.07.11"]
[Round "5"]
[White "Martin Carmona, Gaston Manuel"]
[Black "Gazola, Vanessa Ramos"]
[Result "1-0"]
[WhiteElo "2363"]
[BlackElo "1932"]
[PlyCount "75"]
[EventDate "2023.07.11"]
[EventType "swiss (blitz)"]
[EventRounds "11"]
[EventCountry "USA"]
[SourceTitle "EXT 2024"]
[Source "ChessBase"]
[SourceDate "2023.10.10"]
[SourceVersion "1"]
[SourceVersionDate "2023.10.10"]
[SourceQuality "1"]

1. Nf3 Nf6 2. c4 e6 3. g3 d5 4. d4 Be7 5. Bg2 0-0 6. 0-0 dxc4 7. Qc2 a6 8. a4 Bd7 9. Qxc4 Bc6 10. Bf4 Nbd7 11. Nc3 Nb6 12. Qd3 Nbd5 13. Bg5 Nxc3 14. bxc3 Be4 15. Qe3 Bd5 16. Qd3 Be4 17. Qd1 c5 18. e3 Rc8 19. Ne5 Bxg2 20. Kxg2 cxd4 21. cxd4 h6 22. Bxf6 Bxf6 23. Nd3 Qd5+ 24. Qf3 Qxf3+ 25. Kxf3 b5 26. a5 Rc6 27. Nb4 Rd6 28. Ke4 Rc8 29. Rfc1 Rxc1 30. Rxc1 Be7 31. Rc8+ Kh7 32. Rc7 Bf6 33. Rxf7 Kg6 34. Ra7 Rd8 35. Rxa6 Rc8 36. Rxe6 Rc4 37. Nd5 Rb4 38. Nxb4 1-0

[Event "Titled Tuesday intern op 11th Jul Late"]
[Site "Chess.com INT"]
[Date "2023.07.11"]
[Round "8"]
[White "Weisz, Bryan"]
[Black "Gazola, Vanessa Ramos"]
[Result "1-0"]
[WhiteElo "1965"]
[BlackElo "1932"]
[PlyCount "65"]
[EventDate "2023.07.11"]
[EventType "swiss (blitz)"]
[EventRounds "11"]
[EventCountry "USA"]
[SourceTitle "EXT 2024"]
[Source "ChessBase"]
[SourceDate "2023.10.10"]
[SourceVersion "1"]
[SourceVersionDate "2023.10.10"]
[SourceQuality "1"]

1. Na3 d5 2. Nb5 Nf6 3. Nd4 c5 4. Ndf3 Nc6 5. Nh3 e5 6. Nhg5 h6 7. Nh3 Bd6 8. d3 Bg4 9. Nhg1 0-0 10. h3 Bh5 11. e3 e4 12. g4 Nxg4 13. hxg4 Bxg4 14. Be2 exf3 15. Bxf3 Bxf3 16. Nxf3 Qf6 17. Qe2 Rfe8 18. c3 b5 19. Bd2 b4 20. 0-0-0 bxc3 21. Bxc3 d4 22. Bd2 Rab8 23. e4 Ne5 24. Nh4 Bf8 25. Nf5 Qb6 26. Bxh6 gxh6 27. Rdg1+ Kh7 28. b3 c4 29. dxc4 d3 30. Qh5 d2+ 31. Kb1 Qxf2 32. Qxh6+ Bxh6 33. Rxh6# 1-0

[Event "Pocos de Caldas op"]
[Site "Pocos de Caldas"]
[Date "2023.03.18"]
[Round "3"]
[White "Trombini, Fabio"]
[Black "Gazola, Vanessa Ramos"]
[Result "1-0"]
[WhiteElo "1812"]
[BlackElo "1972"]
[PlyCount "105"]
[EventDate "2023.03.17"]
[EventType "swiss"]
[EventRounds "6"]
[EventCountry "BRA"]
[SourceTitle "EXT 2024"]
[Source "ChessBase"]
[SourceDate "2023.10.10"]
[SourceVersion "1"]
[SourceVersionDate "2023.10.10"]
[SourceQuality "1"]

1. b3 e5 2. Bb2 Nc6 3. c4 Nf6 4. e3 d5 5. cxd5 Nxd5 6. a3 Bd6 7. d3 Qe7 8. Nd2 Be6 9. Ngf3 f6 10. Be2 0-0-0 11. b4 Nb6 12. 0-0 g5 13. Ne4 g4 14. Nfd2 f5 15. Nxd6+ Qxd6 16. Nc4 Qd5 17. Qc2 Rhg8 18. Rac1 Rd7 19. Rfd1 Bf7 20. d4 Nxc4 21. Bxc4 Qxc4 22. Qxc4 Bxc4 23. Rxc4 exd4 24. Bxd4 Rgd8 25. Kf1 Nxd4 26. exd4 Rd5 27. Ke2 a6 28. a4 b6 29. Rdc1 R8d7 30. Ke3 b5 31. axb5 axb5 32. Rc5 Rxd4 33. Rxc7+ Rxc7 34. Rxc7+ Kxc7 35. Kxd4 Kd6 36. f3 h5 37. fxg4 hxg4 38. g3 Ke6 39. Kc5 Ke5 40. Kxb5 f4 41. gxf4+ Kxf4 42. Kc4 Kf3 43. b5 Kg2 44. b6 Kxh2 45. b7 g3 46. b8Q Kh3 47. Qh8+ Kg2 48. Kd3 Kg1 49. Ke2 g2 50. Qd4+ Kh2 51. Qh4+ Kg1 52. Kf3 Kf1 53. Qf2# 1-0

[Event "Araraquara op"]
[Site "Araraquara"]
[Date "2023.02.21"]
[Round "6.6"]
[White "Saito, Vinicius Ikezu"]
[Black "Gazola, Vanessa Ramos"]
[Result "1/2-1/2"]
[WhiteElo "2143"]
[BlackElo "1953"]
[PlyCount "28"]
[EventDate "2023.02.19"]
[EventType "swiss"]
[EventRounds "6"]
[EventCountry "BRA"]
[SourceTitle "CBM 213 Extra"]
[Source "ChessBase"]
[SourceDate "2023.05.31"]
[SourceVersion "1"]
[SourceVersionDate "2023.05.31"]
[SourceQuality "1"]

1. e4 e5 2. Nf3 Nf6 3. Nxe5 d6 4. Nf3 Nxe4 5. Nc3 Nxc3 6. dxc3 Nc6 7. Be3 Be7 8. Qd2 Be6 9. 0-0-0 Qd7 10. Kb1 Bf6 11. Nd4 Nxd4 12. cxd4 d5 13. Bg5 Bxg5 14. Qxg5 f6 1/2-1/2

[Event "Florianopolis op 9th"]
[Site "Florianopolis"]
[Date "2023.01.28"]
[Round "9"]
[White "Ribeiro, Davison Soares"]
[Black "Gazola, Vanessa Ramos"]
[Result "1/2-1/2"]
[WhiteElo "1800"]
[BlackElo "1949"]
[PlyCount "55"]
[EventDate "2023.01.23"]
[EventType "swiss"]
[EventRounds "10"]
[EventCountry "BRA"]
[SourceTitle "CBM 212 Extra"]
[Source "ChessBase"]
[SourceDate "2023.03.31"]
[SourceVersion "1"]
[SourceVersionDate "2023.03.31"]
[SourceQuality "1"]

1. c4 e6 2. g3 Nf6 3. Bg2 d5 4. d4 Be7 5. Nf3 0-0 6. 0-0 dxc4 7. Ne5 Nc6 8. Bxc6 bxc6 9. Nxc6 Qe8 10. Nxe7+ Qxe7 11. Qc2 e5 12. dxe5 Qxe5 13. Bf4 Qh5 14. f3 Qc5+ 15. Rf2 Nd5 16. Bd2 Re8 17. e4 Nb4 18. Bxb4 Qxb4 19. Nd2 Ba6 20. Rc1 f5 21. b3 cxb3 22. Qxb3+ Qxb3 23. Nxb3 fxe4 24. fxe4 Re7 25. Rfc2 Bd3 26. Rxc7 Rxc7 27. Rxc7 Bxe4 28. Nc5 1/2-1/2

[Event "Florianopolis op 9th"]
[Site "Florianopolis"]
[Date "2023.01.25"]
[Round "4"]
[White "Gazola, Vanessa Ramos"]
[Black "Goncalves, Davi Augusto"]
[Result "1-0"]
[WhiteElo "1949"]
[BlackElo "1667"]
[PlyCount "63"]
[EventDate "2023.01.23"]
[EventType "swiss"]
[EventRounds "10"]
[EventCountry "BRA"]
[SourceTitle "CBM 212 Extra"]
[Source "ChessBase"]
[SourceDate "2023.03.31"]
[SourceVersion "1"]
[SourceVersionDate "2023.03.31"]
[SourceQuality "1"]

1. d4 d5 2. c4 e6 3. Nc3 Nf6 4. cxd5 exd5 5. Bg5 Be7 6. e3 0-0 7. Bd3 c6 8. Qc2 Nbd7 9. Nge2 Re8 10. 0-0 Nf8 11. f3 g6 12. h3 Ne6 13. Bh4 Ng7 14. e4 dxe4 15. fxe4 Be6 16. Rf3 h6 17. e5 Nd5 18. Bxe7 Qxe7 19. Ne4 Nb4 20. Qd2 g5 21. Nf6+ Kf8 22. Nxe8 Kxe8 23. Rf6 Kd7 24. Be4 Ne8 25. Rxh6 Nc7 26. Ng3 Nbd5 27. Nf5 Qd8 28. Nd6 Rb8 29. Rf1 Qg8 30. Rh7 g4 31. hxg4 Qxg4 32. Rfxf7+ 1-0

[Event "Jundiai Paulista Cup"]
[Site "Jundiai"]
[Date "2022.12.11"]
[Round "6"]
[White "Gazola, Vanessa Ramos"]
[Black "Mekhitarian, Krikor Sevag"]
[Result "0-1"]
[WhiteElo "1949"]
[BlackElo "2551"]
[PlyCount "64"]
[EventDate "2022.12.09"]
[EventType "swiss"]
[EventRounds "6"]
[EventCountry "BRA"]
[SourceTitle "CBM 212 Extra"]
[Source "ChessBase"]
[SourceDate "2023.03.31"]
[SourceVersion "1"]
[SourceVersionDate "2023.03.31"]
[SourceQuality "1"]

1. d4 Nf6 2. c4 e6 3. Nf3 d5 4. Nc3 a6 5. cxd5 exd5 6. Bg5 Be6 7. e3 Nbd7 8. Bd3 Bd6 9. Qc2 c6 10. Bh4 h6 11. 0-0 g5 12. Bg3 Bxg3 13. hxg3 Qc7 14. b4 Rc8 15. Na4 Kf8 16. Nc5 Kg7 17. Rac1 Rhe8 18. a4 Bg4 19. Nh2 Nxc5 20. bxc5 Rcd8 21. Rb1 Bc8 22. Nf3 Ng4 23. Rfe1 Qd7 24. Nd2 Qe6 25. Nf1 h5 26. f3 Nh6 27. Kf2 Qf6 28. Rb2 Re7 29. Qd1 Rde8 30. Rb3 h4 31. g4 Nxg4+ 32. Kg1 Nxe3 0-1

[Event "Jundiai Paulista Cup"]
[Site "Jundiai"]
[Date "2022.12.11"]
[Round "5"]
[White "Pironti, Francisco Ferrari"]
[Black "Gazola, Vanessa Ramos"]
[Result "0-1"]
[WhiteElo "1836"]
[BlackElo "1949"]
[PlyCount "70"]
[EventDate "2022.12.09"]
[EventType "swiss"]
[EventRounds "6"]
[EventCountry "BRA"]
[SourceTitle "CBM 212 Extra"]
[Source "ChessBase"]
[SourceDate "2023.03.31"]
[SourceVersion "1"]
[SourceVersionDate "2023.03.31"]
[SourceQuality "1"]

1. c4 e6 2. Nf3 Nf6 3. g3 d5 4. d4 Be7 5. Bg2 0-0 6. 0-0 dxc4 7. Qc2 a6 8. Qxc4 b5 9. Qc2 Bb7 10. Bd2 Nbd7 11. Ba5 Qc8 12. b4 Be4 13. Qc1 Qb7 14. Nbd2 Bd5 15. Qc3 Rac8 16. Nb3 Rfe8 17. Nc5 Nxc5 18. bxc5 Bc6 19. Rfb1 Qa8 20. Ne1 Bxg2 21. Nxg2 Qe4 22. Ne3 Red8 23. Rb4 Nd5 24. Nxd5 Rxd5 25. Qe3 Qg4 26. a4 c6 27. axb5 axb5 28. Bb6 Bf6 29. Rd1 Ra8 30. Qd2 Qh3 31. e4 Rh5 32. f3 Bg5 33. Qe2 Be3+ 34. Kh1 Qxg3 35. f4 Rxh2+ 0-1

[Event "Jundiai Paulista Cup"]
[Site "Jundiai"]
[Date "2022.12.10"]
[Round "3"]
[White "Di Berardino, Diego Rafael"]
[Black "Gazola, Vanessa Ramos"]
[Result "1/2-1/2"]
[WhiteElo "2453"]
[BlackElo "1949"]
[PlyCount "113"]
[EventDate "2022.12.09"]
[EventType "swiss"]
[EventRounds "6"]
[EventCountry "BRA"]
[SourceTitle "CBM 212 Extra"]
[Source "ChessBase"]
[SourceDate "2023.03.31"]
[SourceVersion "1"]
[SourceVersionDate "2023.03.31"]
[SourceQuality "1"]

1. d4 d5 2. c4 e6 3. Nc3 Be7 4. Nf3 Nf6 5. Bf4 0-0 6. e3 b6 7. Bd3 Bb7 8. 0-0 c5 9. cxd5 cxd4 10. exd4 Nxd5 11. Bg3 Nc6 12. Re1 Nxc3 13. bxc3 Bf6 14. Nd2 Na5 15. Ne4 Be7 16. Qe2 Rc8 17. Rac1 Qd5 18. f3 Nc4 19. Bf2 Rfd8 20. Rb1 Ba6 21. Ng3 Bb7 22. Nf5 Bf8 23. Be4 Qd7 24. Ne3 Nxe3 25. Qxe3 Ba6 26. Rbc1 Bc4 27. Bb1 Rc7 28. h4 g6 29. h5 Qd5 30. Bg3 Bd6 31. Bxd6 Qxd6 32. Qg5 Qe7 33. Qf4 Rd5 34. h6 Rc8 35. Re5 Rxe5 36. dxe5 b5 37. Rd1 Bd5 38. Be4 Bxa2 39. Rd6 a5 40. Qd2 Bc4 41. Rd7 Qc5+ 42. Kh1 Qf8 43. Qf4 Rd8 44. Ra7 a4 45. Kh2 Bd3 46. Bc6 a3 47. Kg3 Rc8 48. Qf6 Bc4 49. Be4 a2 50. Bxg6 hxg6 51. h7+ Kxh7 52. Rxf7+ Qxf7 53. Qxf7+ Kh6 54. Qf4+ Kh7 55. Qf7+ Kh6 56. Qf4+ Kg7 57. Qf6+ 1/2-1/2

[Event "Caxambu Casa do Xadrez op"]
[Site "Caxambu"]
[Date "2022.07.23"]
[Round "3"]
[White "Gazola, Vanessa Ramos"]
[Black "De Oliveira, Geraldo Marcilio"]
[Result "1-0"]
[WhiteElo "2000"]
[BlackElo "1705"]
[PlyCount "71"]
[EventDate "2022.07.22"]
[EventType "swiss"]
[EventRounds "6"]
[EventCountry "BRA"]
[SourceTitle "CBM 209 Extra"]
[Source "ChessBase"]
[SourceDate "2022.09.30"]
[SourceVersion "1"]
[SourceVersionDate "2022.09.30"]
[SourceQuality "1"]

1. d4 d5 2. c4 e6 3. Nc3 Nf6 4. cxd5 Nxd5 5. e4 Nxc3 6. bxc3 c5 7. Nf3 Be7 8. Bc4 0-0 9. 0-0 Nc6 10. Bb2 Na5 11. Bd3 b6 12. Qe2 Bb7 13. Rad1 Qc7 14. Rfe1 Rac8 15. d5 c4 16. Bc2 exd5 17. exd5 Bd6 18. Bc1 Ba8 19. Qe4 f5 20. Qe6+ Kh8 21. Bxf5 Nb7 22. Bc2 Nc5 23. Qh3 h6 24. Nh4 Kg8 25. Nf5 Be5 26. d6 Bxd6 27. Nxd6 Rcd8 28. Nxc4 Qf7 29. Ne3 Qxf2+ 30. Kh1 Rxd1 31. Rxd1 Rf3 32. Qc8+ Rf8 33. Qg4 Rf4 34. Rd8+ Rf8 35. Rxf8+ Kxf8 36. Qf5+ 1-0

[Event "Caxambu Casa do Xadrez op"]
[Site "Caxambu"]
[Date "2022.07.23"]
[Round "4"]
[White "Haraguchi, Matheus Sashaki"]
[Black "Gazola, Vanessa Ramos"]
[Result "0-1"]
[WhiteElo "1782"]
[BlackElo "2000"]
[PlyCount "60"]
[EventDate "2022.07.22"]
[EventType "swiss"]
[EventRounds "6"]
[EventCountry "BRA"]
[SourceTitle "CBM 209 Extra"]
[Source "ChessBase"]
[SourceDate "2022.09.30"]
[SourceVersion "1"]
[SourceVersionDate "2022.09.30"]
[SourceQuality "1"]

1. c4 e6 2. g3 d5 3. Bg2 d4 4. Nf3 c5 5. 0-0 Nc6 6. e3 Nf6 7. a3 a5 8. exd4 cxd4 9. d3 Bd6 10. Bg5 h6 11. Bxf6 Qxf6 12. Nbd2 Qe7 13. Ne4 Bc7 14. Rc1 0-0 15. Re1 e5 16. c5 Be6 17. Ned2 f6 18. Nc4 a4 19. Nfd2 Na5 20. Nxa5 Bxa5 21. Bxb7 Qxb7 22. Qc2 Bxd2 23. Qxd2 Bd5 24. f4 Qf7 25. fxe5 fxe5 26. Rf1 Qe7 27. Rfe1 Rac8 28. Qb4 Rb8 29. Qxa4 Rxb2 30. Qxd4 Rg2+ 0-1

[Event "Florianopolis Winter op 6th"]
[Site "Florianopolis"]
[Date "2022.07.16"]
[Round "8"]
[White "Gazola, Vanessa Ramos"]
[Black "Machado, Luiz Fernando"]
[Result "1-0"]
[WhiteElo "2000"]
[BlackElo "1652"]
[PlyCount "75"]
[EventDate "2022.07.13"]
[EventType "swiss"]
[EventRounds "9"]
[EventCountry "BRA"]
[SourceTitle "CBM 209 Extra"]
[Source "ChessBase"]
[SourceDate "2022.09.30"]
[SourceVersion "1"]
[SourceVersionDate "2022.09.30"]
[SourceQuality "1"]

1. d4 Nf6 2. c4 g6 3. Nc3 d5 4. cxd5 Nxd5 5. e4 Nxc3 6. bxc3 Bg7 7. Nf3 c5 8. Rb1 0-0 9. Be2 cxd4 10. cxd4 Qa5+ 11. Bd2 Qxa2 12. 0-0 b6 13. Qc1 Qe6 14. Re1 Bb7 15. Bf4 Rc8 16. Qd2 Qd7 17. Bb5 Bc6 18. Bc4 Bb7 19. Qa2 e6 20. d5 exd5 21. exd5 Qg4 22. Bd6 Nd7 23. Bb5 Qf5 24. Rbd1 a6 25. Nh4 Qg4 26. h3 Qxh4 27. Bxd7 Rd8 28. Be7 Qh5 29. Bg4 Qh6 30. Bxd8 Rxd8 31. d6 Qg5 32. Qd2 Qxd2 33. Rxd2 Bc3 34. d7 Bc6 35. Re8+ Rxe8 36. dxe8Q+ Bxe8 37. Rd8 Kf8 38. Bf3 1-0

[Event "Florianopolis Winter op 6th"]
[Site "Florianopolis"]
[Date "2022.07.15"]
[Round "6"]
[White "Gazola, Vanessa Ramos"]
[Black "De Sousa, Alex Aecio"]
[Result "1-0"]
[WhiteElo "2000"]
[BlackElo "1700"]
[PlyCount "111"]
[EventDate "2022.07.13"]
[EventType "swiss"]
[EventRounds "9"]
[EventCountry "BRA"]
[SourceTitle "CBM 209 Extra"]
[Source "ChessBase"]
[SourceDate "2022.09.30"]
[SourceVersion "1"]
[SourceVersionDate "2022.09.30"]
[SourceQuality "1"]

1. d4 Nf6 2. c4 g6 3. Nc3 d5 4. cxd5 Nxd5 5. e4 Nxc3 6. bxc3 Bg7 7. Nf3 c5 8. Rb1 0-0 9. Be2 cxd4 10. cxd4 Qa5+ 11. Bd2 Qxa2 12. 0-0 b6 13. Qc1 Bb7 14. Bc4 Qa4 15. Bb5 Qa2 16. Re1 Rc8 17. Qd1 Nc6 18. d5 Nd4 19. Nxd4 Bxd4 20. Re2 Qc2 21. Bg5 Qxd1+ 22. Rxd1 Rc5 23. Rxd4 Rxb5 24. f3 f6 25. Bh4 Rc8 26. Rd1 g5 27. Bg3 Rd8 28. Rc2 Rc5 29. Rxc5 bxc5 30. Rb1 Rd7 31. Rc1 Kf7 32. Rxc5 f5 33. Ra5 fxe4 34. fxe4 a6 35. Kf2 e6 36. dxe6+ Kxe6 37. Rxg5 Kf6 38. Rf5+ Kg6 39. Re5 Rd2+ 40. Kf3 Rd3+ 41. Kf4 Rd2 42. Re7 Rb2 43. Be1 Bc8 44. Bc3 Rf2+ 45. Kg3 Rf7 46. Re8 Rc7 47. Rg8+ Kh5 48. Bf6 Be6 49. Rg5+ Kh6 50. Kf4 Rf7 51. Ke5 Bc8 52. h4 a5 53. g4 Rb7 54. Rg8 Rb5+ 55. Kf4 Rb6 56. Bg5# 1-0

[Event "Pocos de Caldas op"]
[Site "Pocos de Caldas"]
[Date "2022.03.13"]
[Round "5"]
[White "Gazola, Vanessa Ramos"]
[Black "Silva, Kaua Marques"]
[Result "1/2-1/2"]
[WhiteElo "2001"]
[BlackElo "2164"]
[PlyCount "71"]
[EventDate "2022.03.11"]
[EventType "swiss"]
[EventRounds "6"]
[EventCountry "BRA"]
[SourceTitle "CBM 207 Extra"]
[Source "ChessBase"]
[SourceDate "2022.05.31"]
[SourceVersion "1"]
[SourceVersionDate "2022.05.31"]
[SourceQuality "1"]

1. d4 Nf6 2. c4 e6 3. Nf3 b6 4. a3 Bb7 5. Nc3 d5 6. cxd5 Nxd5 7. Qa4+ c6 8. Nxd5 exd5 9. Bg5 Qc7 10. e3 Bd6 11. Bd3 0-0 12. Qc2 h6 13. Bh4 Re8 14. 0-0 Nd7 15. Rac1 Nf8 16. Bg3 Rac8 17. b4 Ne6 18. Rfd1 Red8 19. Nh4 Bxg3 20. hxg3 Qe7 21. Qe2 Ng5 22. Nf3 Ne4 23. Qb2 Qe6 24. Ne5 f6 25. Nf3 Re8 26. Bxe4 dxe4 27. Nd2 Ba6 28. Qb3 Qd5 29. Rc3 Qxb3 30. Nxb3 Bb5 31. Rdc1 Rcd8 32. Nd2 Re6 33. Nc4 Bxc4 34. Rxc4 Rdd6 35. Kf1 Kf7 36. Ke2 1/2-1/2

[Event "Florianopolis op 8th"]
[Site "Florianopolis"]
[Date "2022.01.27"]
[Round "5"]
[White "Gazola, Vanessa Ramos"]
[Black "Do Valle Cardoso, Lucas"]
[Result "0-1"]
[WhiteElo "1976"]
[BlackElo "2214"]
[PlyCount "100"]
[EventDate "2022.01.24"]
[EventType "swiss"]
[EventRounds "10"]
[EventCountry "BRA"]
[SourceTitle "CBM 206 Extra"]
[Source "ChessBase"]
[SourceDate "2022.03.31"]
[SourceVersion "1"]
[SourceVersionDate "2022.03.31"]
[SourceQuality "1"]

1. d4 d5 2. c4 dxc4 3. Nf3 Nf6 4. e3 b5 5. a4 b4 6. Bxc4 e6 7. 0-0 Be7 8. Qe2 0-0 9. b3 Nbd7 10. Nbd2 c5 11. Bb2 Bb7 12. Rfd1 Rc8 13. Rac1 Qc7 14. Ba6 Rfd8 15. h3 Qb8 16. Bxb7 Qxb7 17. Nc4 Ne4 18. Nfd2 Nc3 19. Bxc3 bxc3 20. Rxc3 cxd4 21. exd4 Bb4 22. Rg3 Nf6 23. Qe5 Be7 24. Nf1 g6 25. Rgd3 Nd5 26. Qe4 Qb4 27. Qf3 Bg5 28. g3 Bf6 29. Nfe3 Bg7 30. Ng4 h5 31. Nh2 Rc7 32. Nf1 h4 33. Nfd2 hxg3 34. fxg3 Nb6 35. Qf4 Rcd7 36. Ne5 Bxe5 37. Qxe5 Rd5 38. Qf4 Rxd4 39. Rxd4 Rxd4 40. Qb8+ Kg7 41. Qe5+ Kh7 42. Rf1 Rd7 43. Nf3 Nd5 44. Ng5+ Kg8 45. Qe4 Qxb3 46. Qh4 f6 47. Nf3 Qe3+ 48. Kh1 Qe2 49. Nh2 Ne3 50. Qe4 Nxf1 0-1